000 00775nam a2200205 a 4500
003 0
005 20250314111738.0
008 071127s19uu xx 00 eng d
050 _aPGS SB 349.S633.5
_b.T384 2007
100 _aThen, Danica P.
245 _aThe effects on the types of manure fertilizers on the growth of Lycopersicon esculentum (tomato) /
_cDanica P. Then.
260 _aLas PiƱas City, Philippines :
_bSouthville International School and Colleges,
_c2007.
300 _a34 pages :
_billustrations ;
_c28 cm.
504 _aIncludes bibliographical references.
650 _aTomatoes
_vGrowth.
650 _aManures
_vAgricultural use.
650 _aFertilizers
_vEffect on plants.
650 _aPlant nutrition
_vSoil amendments.
942 _2lcc
_cPASS
999 _c97773
_d97773